000
00302nam a2200133Ia 4500
100
_a
Gonzalez/Rafael C
942
_c
BK
654
_a
digital
245
_a
Digital Image Processing using MATLAB
260
_b
Pearson Edu
_a
Mumbai
_c
2004
082
_a
621.367
_b
GON
300
_a
609
546
_a
ENGLISH
999
_c
20357
_d
20357